L'ancien testament. tomo 1 /
Guardado en:
| Autor Principal: | |
|---|---|
| Formato: | Libro |
| Publicado: |
Paris :
Gallimard,
1956
|
| Materias: | |
| Etiquetas: |
Agregar Etiqueta
Sin Etiquetas, Sea el primero en etiquetar este registro!
|
| LEADER | 00461nam a22001575a 4500 | ||
|---|---|---|---|
| 001 | EHU.bham000331 | ||
| 003 | AR-BHAM | ||
| 005 | 20101125110300.0 | ||
| 008 | 130507s1956##################000#0#####d | ||
| 082 | 2 | 2 | |a 221 |
| 100 | 1 | |a Biblia | |
| 245 | 1 | 0 | |a L'ancien testament. tomo 1 / |c Biblia . |
| 260 | |a Paris : |b Gallimard, |c 1956 | ||
| 500 | |a Introduction Par Edouard Dhorme | ||
| 653 | |a Antiguo testamento | ||
| 859 | |a AR-BHAM |b BIB. HUMANIDADES - General |h 221 |i B471 |p 614.60 |t Ej.1 |v I |3 I | ||
